000
00200 a2200097 4500
001
18402
100
_a
Heath, G.W
245
_a
Rapid T.V. Repair
260
_a
_b
Tab book co
_c
090
_c
13662
_d
13662
942
_a
NUST-CAE
_c
M
_c
4072
999
_c
253475
_d
253475